000 01825nam0a2200385 i 4500
001 RU\NLR\bibl\1963743
005 20260408042346.0
010 _a9785904771812
_9500
021 _aRU
_b2012-78872
_95854
035 _a(nilc)RSL-KNO-005512162
035 _a(NLR Aleph) 001952723
090 _a3717437
_c3717437
100 _a20121022d2012 k y0rusy50 ca
101 0 _arus
102 _aRU
105 _aa |||||||||
200 1 _aСоциально-гуманитарные проблемы современности: политика, социум, язык и культура
_eмонография
_f[Байрамукова А.И., к.филол.н., Звазава В.И., к.филол.н., доц., Жимбеева С.И., к.филос.н. и др.]
_gИзд-во "Науч.-инновац. центр"
210 _aКрасноярск
_cНаучно-инновационный центр
_d2012
215 _a219 с.
_cил.
_d20
300 _aАвт. указаны на обороте тит. л.
320 _aБиблиогр. в конце разделов
606 _aОбщественные науки
_91112139
_3RU\NLR\auth\66119728
686 _aС.,0
_2rubbk
686 _aС
701 1 _aБайрамукова
_bА. И.
_gАджуа Измаиловна
_4070
701 1 _aГвазава
_bВ. И.
_gВалентина Ивановна
_4070
701 1 _aЖимбеева
_bС. И.
_gСэсэгма Иринчиновна
_4070
712 0 2 _4570
_a"Научно-инновационный центр", издательство
_cКрасноярск
_3RU\NLR\AUTH\8810189797
_9870695
801 0 _aRU
_bRuMoRKP
_c20121022
_grcr
801 1 _aRU
_bРГБ
_c20121022
801 2 _aRU
_bNLR
_c20121106
_grcr
830 _aАвт. по кн.
942 _cBOOK
980 _aNBR